Understanding transitions to democracy: recent work on Guatemala /
Sparad:
| Huvudupphovsman: | |
|---|---|
| Materialtyp: | Text |
| Ämnen: | |
| Taggar: |
Lägg till en tagg
Inga taggar, Lägg till första taggen!
|
MARC
| LEADER | 00000 a a2200000 04500 | ||
|---|---|---|---|
| 001 | 42994 | ||
| 003 | |||
| 040 | |||
| 100 | |a Trudeau, Robert H. | ||
| 245 | |a Understanding transitions to democracy: |b recent work on Guatemala / |c Robert H. Trudeau | ||
| 650 | |a POLITICA | ||
| 650 | |a ELECCIONES | ||
| 650 | |a AUTORITARISMO | ||
| 650 | |a DICTADURA | ||
| 650 | |a PODER POLITICO | ||
| 773 | |g volumen28, número1, 1993, páginas 235-247 | ||
| 999 | |c 26252 |d 26252 | ||
